000
00305nam a2200133Ia 4500
100
_a
Muzio/ J.C.
942
_c
BK
654
_a
Multiple valued switching theory
245
_a
Multiple Valued Switching theory
260
_b
Jaico Pub
_a
Bombay
_c
1994
300
_a
195
546
_a
ENGLISH
999
_c
22150
_d
22150